Rahsia di Lubuk Hantu

Bibliographic Details
Main Author: Nir Shahmer
Format: Book
Published: Selangor : Tulip Publications , 2006
Series:Siri ekspedisi mencabar
Subjects:

MARC

LEADER 00000cam a2200000 7i4500
001 0000000452
005 20151222.0
008 070702
020 |a 9833535070(set) 
020 |a 9833535143 
090 0 0 |a JF   |b AD MAL (31) 
100 0 |a Nir Shahmer 
245 1 0 |a Rahsia di Lubuk Hantu   |c Nir Shahmer 
260 |a Selangor :   |b Tulip Publications ,   |c 2006 
440 |a Siri ekspedisi mencabar 
500 |a Children ages 7-9 years old (orange) 
650 0 |a Adventure stories 
650 0 |a Malay fiction 
650 0 |a Mystery and detective stories 
999 |a 0000960509   |b Book   |c Children Collection   |e Perbadanan Perpustakaan Awam Johor 
999 |a 0000960510   |b Book   |c Children Collection   |e Cawangan Tmn. Ungku Tun Aminah 
999 |a 0000960511   |b Book   |c Children Collection   |e Cawangan Bandar Tenggara 
999 |a 0000960512   |b Book   |c Children Collection   |e Perbadanan Perpustakaan Awam Johor 
999 |a 0000960513   |b Book   |c Children Collection   |e Cawangan Pontian